| 000 | 00758nam a2200241 a 4500 | ||
|---|---|---|---|
| 001 | BRCA_4315 | ||
| 005 | 20190320204626.0 | ||
| 008 | 250610s1954----nyua######---#000-0#eng-# | ||
| 041 | _aeng | ||
| 044 | _anyu | ||
| 050 | 4 |
_aN3450 _b.W44 1954 |
|
| 100 | 1 |
_aWehle, Harry Brandeis _911071 |
|
| 245 | 1 | 0 |
_aArt Treasures of the Prado Museum _cHarry Brandeis Wehle ; with a foreword by F. J. Sanchez Canton. |
| 260 |
_aNueva York _bH. N. Abrams _c1954 |
||
| 300 |
_a257 p. _bil. a color, 167 láminas _c33 cm. |
||
| 500 | _aCEF112 | ||
| 650 | 1 | 4 |
_aPinturas _vExposiciones _zMadrid _911072 |
| 650 | 1 | 4 |
_aGalerías y museos _zEspaña _97331 |
| 700 | 1 |
_aSanchez Canton, F. J. _911073 |
|
| 710 | 2 |
_aMuseo del Prado (Madrid) _911074 |
|
| 902 | _aGFM | ||
| 942 |
_2lcc _cB |
||
| 999 |
_c4026 _d4026 |
||